000 01951nam0a22003011 4500
001 v19\rc\1356400
005 20260407115053.0
035 _a(NLR Aleph) 005220785
090 _a5502982
_c5502982
100 _a20060512e18651865|||y0rusy50 ca
101 0 _arus
102 _aRU
105 _ay z |||||
200 1 _aИнструкции собирания предметов для Русской этнографической выставки и Русского музея в Москве, учреждаемых Обществом любителей естествознания, состоящим при Московском университете
210 _aМосква
_d1865
215 _a32 с.
_d21
311 _aИз Известий О-ва, т. 2. "Общие инструкции для антропологических наблюдений"
488 0 _12001#$aИзвестия Общества$hТ. 2$iОбщие инструкции для антропологических наблюдений
_tИзвестия Общества
710 0 2 _aИмператорское общество любителей естествознания, антропологии и этнографии
_cдо 1917 г.; Москва
_bКомитет для устройства русской этнографической выставки и музея
_3RU\NLR\AUTH\889963681
_9423613
712 0 2 _aМосковский публичный и Румянцевский музей
_bЭтнографическое отделение
_3RU\NLR\AUTH\8810067205
_9636037
712 1 2 _aВсероссийская этнографическая выставка
_f1867
_eМосква
_3RU\NLR\AUTH\8810034565
_9567438
801 2 _aRU
_bNLR
_c20090624
_2rusmarc
801 0 _aRU
_bNLR
_c20060512
_gpsbo
801 0 _aRU
_bRuMoRGB
_c20060512
_2psbo
801 1 _aRU
_bProSoft-M
_c20060512
_2rusmarc
852 _aNLR
_j18.30.3.269
942 _cBOOK
980 _aNB